000 00349 a2200157 4500
001 156302
020 _a9788516081096
040 _cEscola São Tomás de Aquino
100 _aCANTO, Eduardo Leite
240 1 0 _aCiências Naturais
_lpor
245 1 0 _aCiências Naturais
300 _a272
362 0 _a2012
697 _aCIÊNCIAS
942 _cBK
999 _c156302
_d156302